01549nam a2200409 i 4500001000700000003000800007005001700015006001900032007001500051008004100066020001800107020002700125035002300152035002400175035002500199035002100224040003100245050002200276080001500298082001400313245014800327264005400475300004100529336003100570337003300601338004300634490005200677504002900729588012900758650002800887650001900915650001800934655002700952700004500979830005301024856006201077133032FlNmELB20241217180623.0m o d | cr cnu||||||||160912s2015 sp ob 000 0 spa d z9788436833553 a9788436833560 (e book) a(MiAaPQ)EBC4626682 a(Au-PeEL)EBL4626682 a(CaPaEBR)ebr11245473 a(OCoLC)984773593 aFINmELBbspaerdacFINmELB 4aBF576bB5882 2015 a159.928.230 a152.422300aBienestar en educación primaria :bmejorando la vida personal y las relaciones con los demás /cEugenio Carpintero Raimúndez [y otros 4]. 1aMadrid :bLarousse - Ediciones Pirámide,c2015. a1 recurso en línea (175 páginas) atextobtxt2rdacontent/spa acomputadorabc2rdamedia/spa arecurso en líneabcr2rdacarrier/spa1 aColección "Ojos solares". Sección Programas aContiene bibliografía. aDescripción basada en recurso en línea; Título de la página del título en PDF (e-libro, visto September 12, 2016). 0aEmotional intelligence. 0aSocial skills. 4aPsicología. 4aLibros electrónicos.1 aCarpintero Raimúndez, Eugenio,eautor. 0aColección "Ojos solares". Sección Programas.40uhttps://elibro.net/ereader/politecnicointernacional/49117